[Event "4NCL/Div3/ATH vs. FCA1"]
[Site "Telford ENG"]
[Date "2005.04.16"]
[Round "7.4"]
[White "Fraser-Mitchell, Jeremy"]
[Black "Fulton, Anthony R"]
[Result "1/2-1/2"]
[WhiteElo "2101"]
[BlackElo "2097"]
[PlyCount "31"]
[EventDate "2005.04.16"]
[EventType "team"]
[EventRounds "11"]
[EventCountry "ENG"]
[SourceDate "2004.09.21"]

1. d4 d6 2. c4 e5 3. d5 f5 4. Nc3 Nf6 5. Nf3 c6 6. g3 g6 7. Bg2 Bg7 8. O-O O-O
9. Rb1 a5 10. b3 Na6 11. a3 c5 12. Qc2 h6 13. Re1 e4 14. Nd2 Nd7 15. Nf1 Qe7
16. Bd2 1/2-1/2

[Event "4NCL/Div3/ATH vs. FCA1"]
[Site "Telford ENG"]
[Date "2005.04.16"]
[Round "7.5"]
[White "McKeown, Paul"]
[Black "Reuben, Stewart"]
[Result "1/2-1/2"]
[WhiteElo "2095"]
[BlackElo "2142"]
[PlyCount "44"]
[EventDate "2005.04.16"]
[EventType "team"]
[EventRounds "11"]
[EventCountry "ENG"]
[SourceDate "2004.09.21"]

1. e4 c5 2. Nf3 Nc6 3. d4 cxd4 4. Nxd4 g6 5. c4 Bg7 6. Be3 Nh6 7. Be2 d6 8. Nc3
O-O 9. Nxc6 bxc6 10. Qd2 Ng4 11. Bxg4 Bxg4 12. Rc1 Qa5 13. b3 Rfd8 14. Na4
Qxd2+ 15. Bxd2 Be6 16. O-O f5 17. Rfe1 Kf7 18. Nc3 Bf6 19. Rcd1 a5 20. exf5
Bxf5 21. Na4 Ra6 22. Bc3 Rb8 1/2-1/2

[Event "4NCL/Div3/ATH vs. FCA1"]
[Site "Telford ENG"]
[Date "2005.04.16"]
[Round "7.6"]
[White "Freeman, Richard C P"]
[Black "Stevenson, James A B"]
[Result "1/2-1/2"]
[WhiteElo "2117"]
[BlackElo "2092"]
[PlyCount "35"]
[EventDate "2005.04.16"]
[EventType "team"]
[EventRounds "11"]
[EventCountry "ENG"]
[SourceDate "2004.09.21"]

1. d4 Nf6 2. Bg5 c5 3. Bxf6 gxf6 4. d5 Qb6 5. Qc1 Bh6 6. e3 d6 7. c4 Nd7 8. Ne2
f5 9. Nf4 Nf6 10. Nc3 Bd7 11. Bd3 O-O-O 12. O-O e5 13. dxe6 fxe6 14. b4 cxb4
15. Rb1 Rhg8 16. g3 Qc5 17. Qb2 Ng4 18. Qxb4 1/2-1/2

[Event "4NCL/Div3/ATH vs. FCA1"]
[Site "Telford ENG"]
[Date "2005.04.16"]
[Round "7.7"]
[White "Gruettner, Ralf"]
[Black "Kendall, Paul S N"]
[Result "1-0"]
[WhiteElo "2044"]
[BlackElo "2064"]
[PlyCount "45"]
[EventDate "2005.04.16"]
[EventType "team"]
[EventRounds "11"]
[EventCountry "ENG"]
[SourceDate "2004.09.21"]

1. d4 Nf6 2. c4 e6 3. Nc3 Bb4 4. Bd2 c5 5. e3 O-O 6. Nf3 b6 7. dxc5 Bxc5 8. Qc2
Bb7 9. Be2 d5 10. O-O-O Nc6 11. Kb1 Rc8 12. Qa4 dxc4 13. Qxc4 Nb4 14. a3 Nbd5
15. Qa4 Qe7 16. Bd3 Rfd8 17. Bc2 Bc6 18. Qh4 Bxa3 19. Nxd5 Rxd5 20. Bc3 Bd6 21.
Bxf6 Qxf6 22. Qxh7+ Kf8 23. Rxd5 1-0

[Event "4NCL/Div3/SWD2 vs. PPA1"]
[Site "Telford ENG"]
[Date "2005.04.16"]
[Round "7.1"]
[White "Spice, Alan"]
[Black "Swanson, Stephen"]
[Result "1/2-1/2"]
[WhiteElo "2182"]
[BlackElo "2276"]
[PlyCount "89"]
[EventDate "2005.04.16"]
[EventType "team"]
[EventRounds "11"]
[EventCountry "ENG"]
[SourceDate "2004.09.21"]

1. Nc3 d6 2. e4 g6 3. d4 Bg7 4. Nf3 c6 5. a4 Nf6 6. Be2 O-O 7. O-O Qc7 8. h3
Nbd7 9. Be3 b6 10. Qd2 a6 11. Nh2 Bb7 12. f4 b5 13. e5 b4 14. Na2 Ne4 15. Qxb4
c5 16. dxc5 dxe5 17. Bf3 a5 18. Qc4 exf4 19. Bxe4 fxe3 20. Bxb7 Qxb7 21. c6 Qc7
22. Nc3 Ne5 23. Qf4 Qxc6 24. Qxe3 Nc4 25. Qxe7 Rae8 26. Qh4 Nxb2 27. Nb5 Nc4
28. c3 Re4 29. Qf2 f5 30. Rfe1 Rfe8 31. Nf3 Bf6 32. Rxe4 Rxe4 33. Re1 Rxe1+ 34.
Qxe1 Qe4 35. Qd1 Kg7 36. Qd7+ Kh6 37. Nd6 Qe3+ 38. Kh1 Qc1+ 39. Ng1 Nxd6 40.
Qxd6 Qxc3 41. Nf3 Qa1+ 42. Kh2 Qc3 43. Kh1 Qa1+ 44. Kh2 Qc3 45. Kh1 1/2-1/2

[Event "4NCL/Div3/SWD2 vs. PPA1"]
[Site "Telford ENG"]
[Date "2005.04.16"]
[Round "7.2"]
[White "Hagesaether, Halvard"]
[Black "Trevelyan, John"]
[Result "1-0"]
[WhiteElo "2258"]
[BlackElo "2200"]
[PlyCount "99"]
[EventDate "2005.04.16"]
[EventType "team"]
[EventRounds "11"]
[EventCountry "ENG"]
[SourceDate "2004.09.21"]

1. e4 d6 2. d4 e5 3. Nf3 Nd7 4. Bc4 c6 5. O-O Be7 6. dxe5 dxe5 7. Ng5 Bxg5 8.
Qh5 Qe7 9. Qxg5 Qxg5 10. Bxg5 Ngf6 11. f3 Nb6 12. Bb3 Be6 13. Nd2 Bxb3 14. axb3
Nfd7 15. Rfd1 f6 16. Be3 Ke7 17. c4 Nc8 18. c5 Rd8 19. Nc4 Nf8 20. Rxd8 Kxd8
21. Rd1+ Ke8 22. g3 Ne6 23. f4 exf4 24. gxf4 b6 25. b4 b5 26. Na5 Ne7 27. f5
Nd8 28. Bf4 Nf7 29. Nb7 Nd8 30. Na5 Nf7 31. Nb7 Nd8 32. Nd6+ Kf8 33. Ra1 a6 34.
Kf2 Nf7 35. Kf3 Ne5+ 36. Bxe5 fxe5 37. Ke3 Ng8 38. Nb7 Ra7 39. Nd8 Ne7 40. Ne6+
Kf7 41. Ng5+ Ke8 42. Nf3 g6 43. f6 Ng8 44. Nxe5 Nxf6 45. Nxc6 Rc7 46. Rxa6 Ng4+
47. Kf4 Nxh2 48. Ra8+ Kd7 49. Nd4 h5 50. Kg5 1-0

[Event "4NCL/Div3/SWD2 vs. PPA1"]
[Site "Telford ENG"]
[Date "2005.04.16"]
[Round "7.3"]
[White "Powell, Lloyd"]
[Black "Posazhennikov, Alex"]
[Result "1-0"]
[WhiteElo "2155"]
[BlackElo "2256"]
[PlyCount "81"]
[EventDate "2005.04.16"]
[EventType "team"]
[EventRounds "11"]
[EventCountry "ENG"]
[SourceDate "2004.09.21"]

1. d4 f5 2. Nf3 Nf6 3. g3 g6 4. Bg2 Bg7 5. O-O O-O 6. b3 d6 7. Bb2 Qe8 8. c4 h6
9. Nbd2 g5 10. e3 a5 11. d5 c5 12. a3 Na6 13. Qc2 Qf7 14. Rfe1 e5 15. dxe6 Bxe6
16. Rad1 Rad8 17. Bc3 b6 18. Qb2 Nc7 19. b4 axb4 20. axb4 Bxc4 21. Nxc4 Qxc4
22. bxc5 bxc5 23. h4 g4 24. Nd2 Qf7 25. e4 fxe4 26. Nxe4 Nxe4 27. Rxe4 Bxc3 28.
Qxc3 h5 29. Qe3 Qg7 30. Re7 Rf7 31. Rxf7 Kxf7 32. Bd5+ Nxd5 33. Rxd5 Qg6 34.
Qf4+ Ke6 35. Rg5 Qf6 36. Qe4+ Kd7 37. Rxh5 Rg8 38. Rh7+ Rg7 39. Qxg4+ Kc6 40.
Rxg7 Qa1+ 41. Kh2 1-0

[Event "4NCL/Div3/SWD2 vs. PPA1"]
[Site "Telford ENG"]
[Date "2005.04.16"]
[Round "7.4"]
[White "Harley, Andrew"]
[Black "May, Frank"]
[Result "1/2-1/2"]
[WhiteElo "2237"]
[BlackElo "2144"]
[PlyCount "45"]
[EventDate "2005.04.16"]
[EventType "team"]
[EventRounds "11"]
[EventCountry "ENG"]
[SourceDate "2004.09.21"]

1. e4 e6 2. d4 d5 3. Nc3 Nf6 4. Bg5 Bb4 5. exd5 Qxd5 6. Bxf6 Bxc3+ 7. bxc3 gxf6
8. Qg4 Nd7 9. Qg7 Rf8 10. Qxh7 b6 11. Be2 Qa5 12. Qd3 Ba6 13. Qd2 O-O-O 14.
Bxa6+ Qxa6 15. Ne2 Rg8 16. O-O Qb7 17. f3 Rg5 {=} 18. Qf4 Rdg8 19. Rf2 Ra5 20.
Qe4 Qa6 21. Qd3 b5 22. Nc1 Qc6 23. Rb1 1/2-1/2

[Event "4NCL/Div3/SWD2 vs. PPA1"]
[Site "Telford ENG"]
[Date "2005.04.16"]
[Round "7.5"]
[White "Brown, Alan M"]
[Black "Moore, Gerald"]
[Result "0-1"]
[WhiteElo "2136"]
[BlackElo "2242"]
[PlyCount "50"]
[EventDate "2005.04.16"]
[EventType "team"]
[EventRounds "11"]
[EventCountry "ENG"]
[SourceDate "2004.09.21"]

1. d4 Nf6 2. c4 e6 3. Nc3 Bb4 4. Qc2 O-O 5. a3 Bxc3+ 6. Qxc3 b6 7. f3 d5 8. e3
c5 9. dxc5 bxc5 10. cxd5 exd5 11. Qxc5 Nbd7 12. Qd4 Qe7 13. Bd2 Re8 14. Rc1 Ne5
15. Ne2 Bf5 16. Ng3 Bd7 17. Be2 Nc6 18. Qh4 Rab8 19. b4 d4 20. exd4 Qd6 21. Kf2
Nxd4 22. Bf4 Qe7 23. Bd3 Ng4+ 24. fxg4 Qxh4 25. Bxb8 Qf6+ 0-1

[Event "4NCL/Div3/SWD2 vs. PPA1"]
[Site "Telford ENG"]
[Date "2005.04.16"]
[Round "7.6"]
[White "Munson, Shaun D"]
[Black "Sully, David"]
[Result "1/2-1/2"]
[WhiteElo "2242"]
[BlackElo "2130"]
[PlyCount "125"]
[EventDate "2005.04.16"]
[EventType "team"]
[EventRounds "11"]
[EventCountry "ENG"]
[SourceDate "2004.09.21"]

1. d4 e6 2. Nf3 d5 3. e3 Nf6 4. Bd3 Be7 5. b3 O-O 6. O-O b6 7. Ne5 Bb7 8. Nd2
c5 9. Bb2 Nc6 10. a3 Qc7 11. Qf3 cxd4 12. exd4 Rac8 13. Rfe1 Nxe5 14. dxe5 Ne4
15. Qh3 h6 16. Rad1 Nc5 17. Bf1 Nd7 18. c4 Rfd8 19. Rc1 Qb8 20. Nf3 Nf8 21.
Rcd1 dxc4 22. Bxc4 Rxd1 {=} 23. Rxd1 Rd8 24. Re1 b5 25. Bf1 Bc5 26. b4 Bb6 27.
Bc1 Qc7 28. Qg3 Ng6 29. Bxb5 Qc3 30. Nd2 Qc2 31. Nf1 Bd4 32. Bf4 Qxf2+ 33. Qxf2
Bxf2+ 34. Kxf2 Nxf4 35. Rc1 Bxg2 36. Rc7 Ra8 37. Ne3 Be4 38. Kg3 g5 39. Ng4 Kg7
40. Nf6 Bg6 41. Ne8+ Kf8 42. Nd6 Nd5 43. Rd7 Ne7 44. Rc7 a6 45. Bc4 Nf5+ 46.
Kf2 Nd4 47. a4 h5 48. b5 axb5 49. axb5 Rb8 50. Ra7 g4 51. Be2 Kg7 52. Ra4 Nxb5
53. Bxb5 Kh6 54. Kg3 Kg5 55. h4+ gxh3 56. Kxh3 f6 57. exf6 Kxf6 58. Ra5 Rd8 59.
Ra6 Ke7 60. Nc4 Bf5+ 61. Kh2 Rd4 62. Ne3 Kf6 63. Nxf5 1/2-1/2

[Event "4NCL/Div3/SWD2 vs. PPA1"]
[Site "Telford ENG"]
[Date "2005.04.16"]
[Round "7.7"]
[White "Miles, Richard"]
[Black "Byway, Paul"]
[Result "1/2-1/2"]
[WhiteElo "2045"]
[BlackElo "2193"]
[PlyCount "126"]
[EventDate "2005.04.16"]
[EventType "team"]
[EventRounds "11"]
[EventCountry "ENG"]
[SourceDate "2004.09.21"]

1. d4 Nf6 2. c4 e6 3. Nf3 d5 4. Nc3 Nbd7 5. cxd5 exd5 6. Bg5 c6 7. e3 Be7 8.
Bd3 O-O 9. O-O Re8 10. Qc2 Nf8 11. Rae1 Ne4 12. Bxe7 Qxe7 13. Bxe4 dxe4 14. Nd2
f5 15. f3 exf3 16. Nxf3 Be6 17. e4 fxe4 18. Rxe4 h6 19. Ree1 Rad8 20. Qa4 Qc7
21. Qxa7 Nd7 22. d5 Bxd5 23. Nxd5 cxd5 24. Qd4 Nf6 25. a3 Re4 26. Qd2 Rc4 27.
Rc1 Qc5+ 28. Kh1 Ne4 29. Rxc4 Qxc4 30. Qc1 Rc8 31. Qxc4 Rxc4 32. Kg1 Rc2 33.
Rb1 Kf7 34. a4 Nc5 35. b3 Rc3 36. Nd4 Rd3 37. Nb5 Rxb3 38. Rxb3 Nxb3 39. Nd6+
Ke6 40. Nxb7 Kd7 41. a5 Kc7 42. a6 Kb6 43. Nd6 Nc5 44. Kf2 Kxa6 45. Ke3 Ne6 46.
g3 Kb6 47. Nf5 Kc5 48. Kd3 d4 49. Ne7 Kd6 50. Ng6 Kd5 51. Ne7+ Ke5 52. Nc6+ Kd5
53. Ne7+ Kd6 54. Ng6 Kc5 55. Ne7 h5 56. h3 h4 57. gxh4 Nf4+ 58. Ke4 d3 59. Ke3
Kc4 60. Kd2 Nxh3 61. Nf5 Ng1 62. h5 Nf3+ 63. Kd1 Kc3 1/2-1/2

[Event "4NCL/Div3/SWD2 vs. PPA1"]
[Site "Telford ENG"]
[Date "2005.04.16"]
[Round "7.8"]
[White "Djabri, Kathy"]
[Black "Wilson, Julie"]
[Result "0-1"]
[WhiteElo "2003"]
[BlackElo "1944"]
[PlyCount "98"]
[EventDate "2005.04.16"]
[EventType "team"]
[EventRounds "11"]
[EventCountry "ENG"]
[SourceDate "2004.09.21"]

1. e4 e6 2. d4 d5 3. exd5 exd5 4. c4 Nf6 5. Nc3 dxc4 6. Bxc4 Bd6 7. Nf3 O-O 8.
O-O Bg4 9. d5 Nbd7 10. Bg5 Re8 11. Be2 a6 12. h3 Bh5 13. Nd4 Bxe2 14. Ndxe2 Be7
15. Bf4 Nb6 16. Qb3 h6 17. Rfd1 Bd6 18. Be3 Re5 19. Bf4 Rf5 20. Bxd6 Qxd6 21.
Ng3 Re5 22. Rac1 Rb8 23. f4 Ree8 24. Rd4 c5 25. Rdd1 c4 26. Qc2 Nbxd5 27. Nxd5
Nxd5 28. Qxc4 Qb6+ 29. Qd4 Re1+ 30. Kf2 Qxd4+ 31. Rxd4 Rxc1 32. Rxd5 Rc2+ 33.
Kf3 Rxb2 34. Ra5 Rd8 35. Nf5 Rdd2 36. g3 Rxa2 37. Rc5 Ra3+ 38. Kg4 Rd7 39. h4
Kh7 40. h5 Rad3 41. Rc8 g6 42. hxg6+ fxg6 43. Nh4 h5+ 44. Kh3 Rb3 45. f5 g5 46.
Ng6 Rf7 47. Rh8+ Kg7 48. Rxh5 Rxf5 49. Ne7 g4+ 0-1

[Event "4NCL/Div3/WES2 vs. AD2"]
[Site "Telford ENG"]
[Date "2005.04.16"]
[Round "7.1"]
[White "Hopkins, Jamie R"]
[Black "Graham, David B"]
[Result "1/2-1/2"]
[WhiteElo "2152"]
[BlackElo "2238"]
[PlyCount "46"]
[EventDate "2005.04.16"]
[EventType "team"]
[EventRounds "11"]
[EventCountry "ENG"]
[SourceDate "2004.09.21"]

1. c4 g6 2. g3 Bg7 3. Bg2 c5 4. Nc3 Nc6 5. Nf3 Nf6 6. O-O O-O 7. d4 d6 8. dxc5
dxc5 9. Be3 {=} Be6 10. Qa4 Qb6 11. Qa3 Nd7 12. Nd2 Nd4 13. Bxd4 Bxd4 14. e3
Bg7 15. Rab1 a5 16. Nd5 Bxd5 17. Bxd5 Rfd8 18. Rfd1 Ne5 19. Qb3 Qc7 20. Qxb7
Qxb7 21. Bxb7 Rab8 22. Nf3 {=} Rxd1+ 23. Rxd1 Nxf3+ 1/2-1/2

[Event "4NCL/Div3/WES2 vs. AD2"]
[Site "Telford ENG"]
[Date "2005.04.16"]
[Round "7.2"]
[White "Broom, Mark"]
[Black "Rutter, Nicholas"]
[Result "1/2-1/2"]
[WhiteElo "2193"]
[BlackElo "2136"]
[PlyCount "83"]
[EventDate "2005.04.16"]
[EventType "team"]
[EventRounds "11"]
[EventCountry "ENG"]
[SourceDate "2004.09.21"]

1. c4 c6 2. Nc3 d5 3. d4 e6 4. e3 Nf6 5. Nf3 Nbd7 6. Qc2 Bd6 7. e4 dxe4 8. Nxe4
Nxe4 9. Qxe4 Bb4+ 10. Bd2 Bxd2+ 11. Nxd2 Nf6 12. Qe3 O-O 13. Be2 Re8 14. O-O
Qa5 15. f4 b5 16. Nb3 Qb6 17. c5 Qc7 18. Qe5 Qd7 19. Bf3 Bb7 20. g4 Rad8 21.
Rad1 Nd5 22. Rfe1 f6 23. Qe4 Qc7 24. f5 Bc8 25. Qd3 a6 26. Bxd5 exd5 27. Qf3
Re7 28. Rxe7 Qxe7 29. Na5 Qc7 30. b4 Re8 31. Qg3 Qxg3+ 32. hxg3 Bd7 33. Kf2 Re4
34. Re1 Rxe1 35. Kxe1 Kf7 36. Kf2 Ke7 37. Kf3 Be8 38. Kf4 h6 39. Nb7 Bd7 40.
Kf3 Be8 41. Kg2 Bd7 42. Kf3 1/2-1/2

[Event "4NCL/Div3/WES2 vs. AD2"]
[Site "Telford ENG"]
[Date "2005.04.16"]
[Round "7.3"]
[White "Tunks, Dominic"]
[Black "Pritchard, David"]
[Result "1-0"]
[WhiteElo "2135"]
[BlackElo "1965"]
[PlyCount "63"]
[EventDate "2005.04.16"]
[EventType "team"]
[EventRounds "11"]
[EventCountry "ENG"]
[SourceDate "2004.09.21"]

1. e4 c6 2. d4 d5 3. e5 Bf5 4. g4 Bd7 5. Nh3 e6 6. Nd2 c5 7. dxc5 Bxc5 8. Nb3
Bb6 9. Bd3 Nc6 10. Qe2 Nge7 11. Bf4 Rc8 12. c3 a5 13. a4 Ng6 14. Bg3 O-O 15.
O-O Qe7 16. Rfe1 d4 17. Nd2 f6 18. exf6 gxf6 19. Bxg6 hxg6 20. Nf4 Ne5 21. Nf3
Nxf3+ 22. Qxf3 Bc6 23. Qd3 e5 24. cxd4 Bxd4 25. Qxd4 Qh7 26. Qc4+ Kh8 27. Nd5
Qh3 28. Rad1 Rfd8 29. Qe4 Kg7 30. Bxe5 fxe5 31. Qxe5+ Kg8 32. Nf6+ 1-0

[Event "4NCL/Div3/WES2 vs. AD2"]
[Site "Telford ENG"]
[Date "2005.04.16"]
[Round "7.4"]
[White "Pohribnyj, Chris"]
[Black "Pym, Thomas W"]
[Result "1/2-1/2"]
[WhiteElo "1972"]
[BlackElo "2111"]
[PlyCount "93"]
[EventDate "2005.04.16"]
[EventType "team"]
[EventRounds "11"]
[EventCountry "ENG"]
[SourceDate "2004.09.21"]

1. d4 Nf6 2. c4 c5 3. e3 Nc6 4. Nf3 d6 5. Nc3 Bg4 6. Be2 e5 7. d5 Ne7 8. e4 g6
9. h3 Bd7 10. Bg5 Bg7 11. Qd2 h6 12. Be3 Nfg8 13. Nh2 f5 14. f4 fxe4 15. Nxe4
Bf5 16. Bd3 Bxe4 17. Bxe4 Nf6 18. Bc2 exf4 19. Bxf4 Qd7 20. Nf3 g5 21. Bh2 b5
22. cxb5 Nfxd5 23. O-O O-O-O 24. Be4 Nf6 25. Bd3 g4 26. hxg4 Nxg4 27. Rac1 Nxh2
28. Kxh2 Kb8 29. a4 Rhf8 30. a5 d5 31. b6 axb6 32. axb6 Qd6+ 33. Kh1 Qxb6 34.
Qe3 Nf5 35. Bxf5 Rxf5 36. Qxc5 Qxc5 37. Rxc5 Rf7 38. Rb5+ Rb7 39. Rxb7+ Kxb7
40. Rd1 d4 41. Kg1 Kc6 42. Rd3 Kd5 43. Kf2 Rb8 44. b3 Rc8 45. Ke2 Rc2+ 46. Rd2
Rc3 47. Rd3 1/2-1/2

[Event "4NCL/Div3/WES2 vs. AD2"]
[Site "Telford ENG"]
[Date "2005.04.16"]
[Round "7.5"]
[White "Ferrington, Nigel M"]
[Black "Peddar, Stephane S G"]
[Result "1-0"]
[WhiteElo "2125"]
[BlackElo "1940"]
[PlyCount "105"]
[EventDate "2005.04.16"]
[EventType "team"]
[EventRounds "11"]
[EventCountry "ENG"]
[SourceDate "2004.09.21"]

1. e4 e6 2. d4 d5 3. exd5 Qxd5 4. Nf3 Nf6 5. Be2 b6 6. O-O Bb7 7. c4 Qd8 8. Nc3
c6 9. Bg5 Be7 10. Qc2 Nbd7 11. Rad1 Qc7 12. Rfe1 Bd6 13. Bd3 Ng4 14. h3 Ngf6
15. Qe2 O-O 16. Ne5 Be7 17. Bf4 Bd6 18. g4 g6 19. h4 h5 20. f3 a6 21. Bg5 Kg7
22. Nxd7 Nxd7 23. gxh5 gxh5 24. Kh1 Rh8 25. Qe3 Rag8 26. Rg1 Kf8 27. Ne4 Be7
28. Bh6+ Ke8 29. Bf4 Qd8 30. Ng5 Nf6 31. Be5 Bd6 32. Rde1 Qe7 33. Qf4 Bxe5 34.
dxe5 Nd7 35. Ne4 Kd8 36. Nd6 Kc7 37. Ne4 Kb8 38. Nf6 Rd8 39. Be4 Ka7 40. Rd1
Nc5 41. Rd6 Nxe4 42. fxe4 c5 43. Rgd1 Bc8 44. Kh2 a5 45. Qd2 Rxd6 46. Qxd6 Qb7
47. Kg3 Ka6 48. b3 Ka7 49. Kf4 Ka6 50. a3 Ka7 51. Rg1 Qa6 52. Qe7+ Bb7 53. a4
1-0

[Event "4NCL/Div3/WES2 vs. AD2"]
[Site "Telford ENG"]
[Date "2005.04.16"]
[Round "7.7"]
[White "Pleasants, Allan J"]
[Black "Graham, Louis"]
[Result "1-0"]
[WhiteElo "2065"]
[BlackElo "1920"]
[PlyCount "45"]
[EventDate "2005.04.16"]
[EventType "team"]
[EventRounds "11"]
[EventCountry "ENG"]
[SourceDate "2004.09.21"]

1. d4 d5 2. e4 dxe4 3. Nc3 Nf6 4. f3 exf3 5. Nxf3 Bg4 6. h3 Bh5 7. g4 Bg6 8.
Qe2 c6 9. Bg2 e6 10. O-O Bb4 11. Bg5 Nbd7 12. Qc4 Bxc3 13. bxc3 h6 14. Bh4 Qc7
15. Ne5 Nxe5 16. dxe5 Nd7 17. Rae1 Nxe5 18. Qf4 Qb6+ 19. Bf2 Qa5 20. Rxe5 Qxc3
21. Rc5 Qa3 22. Rxc6 Qxa2 23. Qb4 1-0

[Event "4NCL/Div3/WES2 vs. AD2"]
[Site "Telford ENG"]
[Date "2005.04.16"]
[Round "7.8"]
[White "Wilcox, Charlotte"]
[Black "Khoo, Selina"]
[Result "0-1"]
[WhiteElo "1920"]
[BlackElo "2030"]
[PlyCount "40"]
[EventDate "2005.04.16"]
[EventType "team"]
[EventRounds "11"]
[EventCountry "ENG"]
[SourceDate "2004.09.21"]

1. e4 c6 2. Nc3 d5 3. Nf3 Bg4 4. h3 Bxf3 5. Qxf3 Nf6 6. d4 e6 7. exd5 cxd5 8.
Bf4 Nc6 9. Rd1 Bd6 10. Be2 O-O 11. O-O Rc8 12. Bxd6 Qxd6 13. a3 Na5 14. Bd3 Nc4
15. Bxc4 Rxc4 16. b3 Rcc8 17. a4 Qc6 18. Rd3 Ne4 19. Nxe4 dxe4 20. d5 exd5 0-1

[Event "4NCL/Div3/CAMB1 vs. PPA2"]
[Site "Telford ENG"]
[Date "2005.04.16"]
[Round "7.1"]
[White "Dearing, Eddie"]
[Black "Rosen, Daniel B"]
[Result "1-0"]
[WhiteElo "2408"]
[BlackElo "2167"]
[PlyCount "79"]
[EventDate "2005.04.16"]
[EventType "team"]
[EventRounds "11"]
[EventCountry "ENG"]
[SourceDate "2004.09.21"]

1. d4 f5 2. Bg5 d5 3. e3 Be6 4. Nd2 Nd7 5. c4 c6 6. Ngf3 Ngf6 7. Bd3 g6 8. O-O
Bg7 9. Qb3 Qb6 10. Qa3 Rf8 11. b4 Ne4 12. b5 c5 13. Rac1 h6 14. cxd5 Bxd5 15.
dxc5 Nexc5 16. Bh4 g5 17. Bg3 Bb2 18. Qxb2 Nxd3 19. Qb1 Nxc1 20. Rxc1 a6 21. a4
axb5 22. axb5 Qf6 23. Bc7 Kf7 24. Qd3 e6 25. Nd4 Rfc8 26. f3 b6 27. e4 Nc5 28.
Qe3 f4 29. Qc3 Ra3 30. Qxa3 Qxd4+ 31. Kh1 Qxd2 32. Bxb6 Nd3 33. Qa7+ Kg6 34.
Rxc8 Ne1 35. Bf2 Bb7 36. Rg8+ Kh5 37. Bxe1 Qxe1+ 38. Qg1 Qb4 39. g4+ fxg3 40.
Qxg3 1-0

[Event "4NCL/Div3/CAMB1 vs. PPA2"]
[Site "Telford ENG"]
[Date "2005.04.16"]
[Round "7.2"]
[White "Dignam, Matthew"]
[Black "Alfred, Nathan S W"]
[Result "0-1"]
[WhiteElo "2171"]
[BlackElo "2338"]
[PlyCount "74"]
[EventDate "2005.04.16"]
[EventType "team"]
[EventRounds "11"]
[EventCountry "ENG"]
[SourceDate "2004.09.21"]

1. e4 c5 2. c3 d5 3. exd5 Qxd5 4. d4 Nf6 5. Nf3 e6 6. Be2 Nc6 7. O-O Be7 8. Na3
O-O 9. Nc2 Rd8 10. Bf4 cxd4 11. cxd4 b6 12. Ne3 Qd7 13. Bb5 Bb7 14. Ne5 Qxd4
15. Nxc6 Qxf4 16. Nxd8 Rxd8 17. Qa4 Rd4 18. Qxa7 Bd6 19. Rfd1 Qxh2+ 20. Kf1
Qh1+ 21. Ke2 Qh5+ 22. Kf1 Rh4 23. Qb8+ Bf8 24. f3 Qxb5+ 25. Kg1 Qc5 26. Rd3 Bd5
27. Rc3 Rc4 28. Rac1 Rxc3 29. Rxc3 Qd6 30. Qa7 g6 31. Kf2 Qb4 32. Kg3 Bd6+ 33.
Kf2 Qxb2+ 34. Rc2 Qd4 35. Rc8+ Kg7 36. Rc2 Bc5 37. Re2 Bc4 0-1

[Event "4NCL/Div3/CAMB1 vs. PPA2"]
[Site "Telford ENG"]
[Date "2005.04.16"]
[Round "7.3"]
[White "Hon, Andrew"]
[Black "Goodger, Martyn"]
[Result "1-0"]
[WhiteElo "2210"]
[BlackElo "2161"]
[PlyCount "69"]
[EventDate "2005.04.16"]
[EventType "team"]
[EventRounds "11"]
[EventCountry "ENG"]
[SourceDate "2004.09.21"]

1. e4 e5 2. Nc3 Nf6 3. Bc4 Nc6 4. d3 Bb4 5. Bg5 h6 6. Bxf6 Bxc3+ 7. bxc3 Qxf6
8. Ne2 d6 9. O-O g5 10. d4 Ne7 11. Qd2 Ng6 12. f3 h5 13. Rab1 h4 14. Qe3 Kf8
15. Bd5 c6 16. Bb3 Kg7 17. Rbd1 b6 18. Rd2 Rd8 19. Rfd1 Ba6 20. c4 Bb7 21. c5
bxc5 22. dxc5 dxc5 23. Qxc5 Ba6 24. Rd6 Bxe2 25. Rxf6 Rxd1+ 26. Kf2 Kxf6 27.
Qxc6+ Kg7 28. Qxa8 Nf4 29. Qxa7 Rd2 30. Qxf7+ Kh6 31. Qf8+ Kh7 32. Bg8+ Kh8 33.
Bf7+ Kh7 34. Qg8+ Kh6 35. Qh8# 1-0

[Event "4NCL/Div3/CAMB1 vs. PPA2"]
[Site "Telford ENG"]
[Date "2005.04.16"]
[Round "7.4"]
[White "Winfridsson, Ola"]
[Black "Valden, Petros"]
[Result "0-1"]
[WhiteElo "2080"]
[BlackElo "2185"]
[PlyCount "96"]
[EventDate "2005.04.16"]
[EventType "team"]
[EventRounds "11"]
[EventCountry "ENG"]
[SourceDate "2004.09.21"]

1. d4 Nf6 2. c4 c5 3. d5 b5 4. cxb5 a6 5. b6 d6 6. Nc3 g6 7. e4 Bg7 8. Nf3 O-O
9. Be2 Nbd7 10. O-O Qxb6 11. Nd2 Qc7 12. Nc4 Nb6 13. Nxb6 Qxb6 14. h3 Bb7 15.
Qc2 e6 16. dxe6 fxe6 17. Be3 Qc6 18. f4 Nxe4 19. Bf3 d5 20. Bxe4 dxe4 21. Ne2
e5 22. fxe5 Bxe5 23. Qxc5 Bxb2 24. Rxf8+ Rxf8 25. Rb1 Bg7 26. Qa7 Bc8 27. Rc1
Qd7 28. Qxd7 Bxd7 29. Nd4 Ra8 30. Nc6 Re8 31. Nd4 Rd8 32. Nc6 Re8 33. Nd4 Rc8
34. Rxc8+ Bxc8 35. Kf2 Kf7 36. Nb3 Be6 37. Nc5 a5 38. a4 Bd5 39. Ke2 Bc3 40.
Kd1 Kf6 41. Kc2 Be1 42. Nd7+ Ke7 43. Nc5 Kd6 44. Kb2 Kc6 45. Kc2 Bb4 46. Na6
Bd6 47. Kc3 Be6 48. Ba7 Bc8 0-1

[Event "4NCL/Div3/CAMB1 vs. PPA2"]
[Site "Telford ENG"]
[Date "2005.04.16"]
[Round "7.5"]
[White "Hodge, David J"]
[Black "Retallick, Lloyd"]
[Result "1-0"]
[WhiteElo "2165"]
[BlackElo "2115"]
[PlyCount "75"]
[EventDate "2005.04.16"]
[EventType "team"]
[EventRounds "11"]
[EventCountry "ENG"]
[SourceDate "2004.09.21"]

1. e4 c6 2. Nf3 d5 3. Nc3 Bg4 4. h3 Bxf3 5. Qxf3 e6 6. d3 Nd7 7. Be2 Ngf6 8. g4
d4 9. Nb1 Ne5 10. Qg3 Ng6 11. h4 Qa5+ 12. c3 O-O-O 13. h5 Ne7 14. Kf1 g6 15.
Qh4 Nfg8 16. Nd2 Bg7 17. Nb3 Qc7 18. h6 Be5 19. cxd4 Bxd4 20. Nxd4 Rxd4 21. Bd2
Rd8 22. Bc3 e5 23. f4 g5 24. Qxg5 f6 25. Qg7 Ng6 26. g5 fxg5 {=} 27. Qxc7+ Kxc7
28. f5 Rf8 29. Ke1 N8e7 30. fxg6 Nxg6 31. Rg1 Rf7 32. Rxg5 Re8 33. Bh5 Ref8 34.
Rg1 Kd6 35. Bxg6 hxg6 36. Rxg6+ Ke7 37. Rg7 Ke6 38. Rxf7 1-0

[Event "4NCL/Div3/CAMB1 vs. PPA2"]
[Site "Telford ENG"]
[Date "2005.04.16"]
[Round "7.6"]
[White "Bailey, Kevin"]
[Black "Mutton, Jonathan B"]
[Result "1-0"]
[WhiteElo "2135"]
[BlackElo "2197"]
[PlyCount "70"]
[EventDate "2005.04.16"]
[EventType "team"]
[EventRounds "11"]
[EventCountry "ENG"]
[SourceDate "2004.09.21"]

1. d4 Nf6 2. Nf3 e6 3. e3 b6 4. Bd3 Bb7 5. O-O d6 6. Qe2 Nbd7 7. e4 e5 8. c3 g6
9. Nbd2 Bg7 10. Re1 O-O 11. dxe5 dxe5 12. b4 a5 13. Bb2 Qe7 14. a3 Nh5 15. g3
Kh8 16. Rad1 Qe6 17. Bc4 Qg4 18. Nh4 Qxe2 19. Rxe2 Ndf6 20. f3 Rad8 21. Ree1
Ne8 22. Nf1 Nd6 23. Be2 f5 24. exf5 gxf5 25. f4 exf4 26. Bxh5 Nc4 27. Ba1 Nxa3
28. Rxd8 Rxd8 29. Nxf5 Nc2 30. Re7 Bf6 31. Re6 Bg5 32. Bb2 Bc8 33. c4+ Kg8 34.
Ne7+ Kf8 35. Nxc8 Rxc8 1-0

[Event "4NCL/Div3/CAMB1 vs. PPA2"]
[Site "Telford ENG"]
[Date "2005.04.16"]
[Round "7.7"]
[White "Garner, David"]
[Black "McCorry, Rob"]
[Result "1-0"]
[WhiteElo "2191"]
[BlackElo "2065"]
[PlyCount "41"]
[EventDate "2005.04.16"]
[EventType "team"]
[EventRounds "11"]
[EventCountry "ENG"]
[SourceDate "2004.09.21"]

1. e4 Nf6 2. e5 Nd5 3. d4 d6 4. Nf3 Bg4 5. Be2 e6 6. O-O Be7 7. b3 O-O 8. c4
Nb6 9. Bb2 d5 10. Nc3 dxc4 11. bxc4 Nc6 12. Ne4 Bf5 13. Ng3 Bg6 14. Qd2 f6 15.
exf6 Bxf6 16. Rad1 Qe8 17. Qe3 h6 18. Ne4 Be7 19. a3 Rd8 20. Rd2 Kh8 21. d5 1-0